Países más cercanos a Bolivia - ¡Muerte súbita! - Estadísticas

Estadísticas generales
  • Esta prueba ha sido intentada 50 veces
  • La puntuación promedio es 11 de 15
Answers on the Grid
Answers color-coded by a green-red scale on the quiz's grid according to % correct below.
Argentina
Brasil
Chile
Paraguay
Perú
Colombia
Uruguay
Venezuela
Ecuador
Guyana
Surinam
Panamá
Trinidad y Tobago
Granada
San Vicente y las Granadinas
Barbados
Santa Lucía
Dominica
Antigua y Barbuda
San Cristóbal y Nieves
República Dominicana
Haití
Cuba
Bahamas
Jamaica
Costa Rica
Nicaragua
Guatemala
El Salvador
Honduras
 
Estadísticas de respuestas
Respuesta % Correcto
Argentina
97%
Brasil
97%
Perú
97%
Venezuela
97%
Chile
94%
Paraguay
94%
Uruguay
94%
Colombia
90%
Ecuador
87%
Panamá
77%
Surinam
74%
Guyana
52%
Trinidad y Tobago
35%
Granada
10%
San Vicente y las Granadinas
10%
No se encontraron pruebas coincidentes
Distribución de puntuación
Porcentaje de gente con cada puntuación
Porcentaje por número respondido
Historial de tus puntuaciones
No has intentado esta prueba.